| 000 | 00000nam##2200000za#4500 |
| 001 | 9.662125 |
| 003 | CaOODSP |
| 005 | 20200328101231 |
| 007 | ta |
| 008 | 150407|2000||||xxc||||| f|0| 0 eng|d |
| 040 | |aCaOODSP|beng |
| 041 | |aeng |
| 041 | |afre |
| 043 | |an-cn--- |
| 086 | 1 |aSC94-74/2000 |
| 110 | 1 |aCanada.|bCanadian Centre for Management Development. |
| 245 | 12|aA public service learning organization: from coast to coast to coast |
| 260 | |aOttawa - Ontario : |bCanadian Centre for Management Development |c2000. |
| 300 | |a2 vols. ; |c24 cm. |
| 500 | |aContents: A policy discussion paper (catalogue number: SC94-74/2000-2)--Directions for the futures (catalogue number: SC94-74/2000-1) |
| 546 | |aBilingual |
| 563 | |aSoftcover |
| 590 | |a00-39|b2000-09-29 |
| 690 | 07|aPublic service|2gcpds |
| 690 | 07|aPolicy development|2gcpds |
| 690 | 07|aProfessional development|2gcpds |
| 776 | 0#|tLa fonction publique - une organisation apprenante d'un océan à l'autre : |w(CaOODSP)9.640016 |
| 792 | |tLa fonction publique: une organisation apprenante d'un océan à l'autre |efre|w(CaOODSP)9.662126 |